Normal view MARC view
  • Local Government Association (England and Wales)

Entry Corporate Name

Number of records used in: 2

001 - CONTROL NUMBER

  • control field: 6885

003 - CONTROL NUMBER IDENTIFIER

  • control field: OSt

005 - DATE AND TIME OF LATEST TRANSACTION

  • control field: 20170522154652.0

008 - FIXED-LENGTH DATA ELEMENTS

  • fixed length control field: 170522|| aca||aabn | a|a d

040 ## - CATALOGING SOURCE

  • Original cataloging agency: OSt
  • Transcribing agency: OSt

110 ## - HEADING--CORPORATE NAME

  • Corporate name or jurisdiction name as entry element: Local Government Association (England and Wales)

670 ## - SOURCE DATA FOUND

  • Source citation: Work cat.: (OSt): Goss, Sue. 6883, Managing working with the public /, 1999
Pusat Sumber Maklumat Dato' Haji Sarmin Md Hussin, Akademi Kastam Diraja Malaysia, Melaka
Tel: 06-2331106 | Faks: 06-2313787